Online
Catalog

El apóstol y el héroe / (Record no. 49142)

MARC details
000 -CABECERA
campo de control de longitud fija 01446 a2200337 4500
003 - IDENTIFICADOR DEL NÚMERO DE CONTROL
campo de control OSt
005 - FECHA Y HORA DE LA ÚLTIMA TRANSACCIÓN
campo de control 20240229073949.0
007 - CAMPO FIJO DE DESCRIPCIÓN FÍSICA--INFORMACIÓN GENERAL
campo de control de longitud fija ta
008 - DATOS DE LONGITUD FIJA--INFORMACIÓN GENERAL
campo de control de longitud fija 201117e2020 dr ac||eri||| 001 0dspa d
020 ## - NÚMERO INTERNACIONAL ESTÁNDAR DEL LIBRO
Número Internacional Estándar del Libro 9789945616590
040 ## - FUENTE DE LA CATALOGACIÓN
Centro/agencia transcriptor BNPHU
Centro catalogador/agencia de origen DO-SdBNP
Lengua de catalogación spa
Centro/agencia modificador BNPHU
041 ## - CÓDIGO DE LENGUA
Código de lengua original spa
082 ## - NÚMERO DE LA CLASIFICACIÓN DECIMAL DEWEY
Número de clasificación BNPHU- xxx
Número de documento/Ítem R616e
100 1# - ENTRADA PRINCIPAL--NOMBRE DE PERSONA
Nombre de persona Rivadulla, Mario
9 (RLIN) 56604
245 13 - MENCIÓN DE TÍTULO
Título El apóstol y el héroe /
Mención de responsabilidad, etc. José Rafael Lantigua , prólogo
260 ## - PUBLICACIÓN, DISTRIBUCIÓN, ETC.
Lugar de publicación, distribución, etc. Santo Domingo :
Nombre del editor, distribuidor, etc. FUNGLODE ,
Fecha de publicación, distribución, etc. 2020
300 ## - DESCRIPCIÓN FÍSICA
Extensión 165 pg.
Otras características físicas il. retratos, fotos ;
Dimensiones 22 cm
490 ## - MENCIÓN DE SERIE
Mención de serie Política
501 ## - NOTA DE "CON"
Nota de “Con” Incluye dato biográfico del autor en la solapa.-
501 ## - NOTA DE "CON"
Nota de “Con” Incluye lista de fotos.-
505 0# - NOTA DE CONTENIDO CON FORMATO
Nota de contenido con formato Lista de fotos.- agradecimiento.-
505 0# - NOTA DE CONTENIDO CON FORMATO
Nota de contenido con formato José Rafael Lantigua :
Título Prólogo : Martí y el vínculo dominicano. preludio a dos biografías ilustres
505 0# - NOTA DE CONTENIDO CON FORMATO
Nota de contenido con formato Introducción.-
505 0# - NOTA DE CONTENIDO CON FORMATO
Nota de contenido con formato José Martí :
Título El apóstol.- el apóstol en fotos.-
505 0# - NOTA DE CONTENIDO CON FORMATO
Nota de contenido con formato Máximo Gómez :
Título el héroe.- el héroe en fotos.-
505 0# - NOTA DE CONTENIDO CON FORMATO
Nota de contenido con formato Figuras notables, hechos y documentos de las guerras independentistas de Cuba.
505 0# - NOTA DE CONTENIDO CON FORMATO
Nota de contenido con formato Documentos :
Título Manifiesto de la junta revolucionaria de la isla de Cuba.-
-- Carta de José Martí al general Máximo Gómez.-
-- Manifiesto de Montecristi.-
-- Carta de José Martí a Federico Henríquez y Carvajal.-
700 1# - PUNTO DE ACCESO ADICIONAL--NOMBRE DE PERSONA
Nombre de persona Lantigua, José Rafael,
Fechas asociadas al nombre 1949-
Término indicativo de función/relación prólogo .
9 (RLIN) 1438
710 ## - PUNTO DE ACCESO ADICIONAL--NOMBRE DE ENTIDAD CORPORATIVA
Nombre de entidad corporativa o nombre de jurisdicción como elemento de entrada Fundación Global
9 (RLIN) 77636
942 ## - ELEMENTOS DE PUNTO DE ACCESO ADICIONAL (KOHA)
Fuente del sistema de clasificación o colocación Dewey Decimal Classification
Tipo de ítem Koha Libro
Holdings
Estado de retiro Estado de pérdida Fuente del sistema de clasificación o colocación No para préstamo Localización permanente Ubicación/localización actual Ubicación en estantería Fecha de adquisición Fuente de adquisición Total de préstamos Código de barras Fecha visto por última vez Precio válido a partir de Tipo de ítem Koha Número de copia
    Dewey Decimal Classification   Biblioteca Nacional Pedro Henríquez Ureña General Orden iniciada 01.10.2020 Depósito Legal   2020-0514 17.11.2020 17.11.2020 Libro e.3
    Dewey Decimal Classification   Biblioteca Nacional Pedro Henríquez Ureña Patrimonio Dominicano Orden iniciada 01.10.2020 Depósito Legal   2020-0512 17.11.2020 17.11.2020 Libro  
    Dewey Decimal Classification Préstamo restrigido Biblioteca Nacional Pedro Henríquez Ureña Patrimonio Dominicano Orden iniciada 01.10.2020 Depósito Legal   2020-0513 17.11.2020 17.11.2020 Libro e.2

Powered by Koha